000 00868nam a2200265 a 4500
001 42337
003 BD-RjUL
005 20211209053527.0
008 160612s1975 enk b 001 0 eng
020 _a0521208742
035 _a(BD-RjUL)42455
040 _aDLC
_cDLC
_dDLC
_dBD-RjU
_beng
041 _aeng
082 0 0 _a324.20954
_223
_bBUS 1975
100 2 _aMesquita, Bruce Bueno de
_9130217
245 1 0 _aStrategy, risk, and personality in coalition politics :
_bthe case of India /
_cBruce Bueno de Mesquita.
260 _aCambridge :
_aNew York ;
_bCambridge University Press,
_c1975.
300 _aix, 198 p. ;
_c24 cm.
500 _aIncludes index.
504 _aBibliography: p. 184-192.
650 0 _aPolitical parties
_zIndia.
_9130218
650 0 _aCoalition governments
_zIndia.
_9130219
650 0 _aCoalition governments.
_9127628
942 _2ddc
_cBK
999 _c42337
_d42337